Auditory signal processing: physiology, psychoacoustics, and models (Record no. 8272)
[ view plain ]
| 000 -LEADER | |
|---|---|
| fixed length control field | 00779 a2200181 4500 |
| 020 ## - INTERNATIONAL STANDARD BOOK NUMBER | |
| International Standard Book Number | 0387219153 |
| 040 ## - CATALOGING SOURCE | |
| Original cataloging agency | DLC |
| Language of cataloging | DLC |
| 082 00 - DEWEY DECIMAL CLASSIFICATION NUMBER | |
| Classification number | 612.3822 |
| 245 10 - TITLE STATEMENT | |
| Title | Auditory signal processing: physiology, psychoacoustics, and models |
| Remainder of title | physiology, psychoacoustics, and models |
| Statement of responsibility, etc. | Daniel Pressnitzer ... [et al.], editors |
| 260 ## - PUBLICATION, DISTRIBUTION, ETC. | |
| Place of publication, distribution, etc. | New York, NY, USA : |
| Name of publisher, distributor, etc. | Springer, |
| Date of publication, distribution, etc. | c2005. |
| 300 ## - PHYSICAL DESCRIPTION | |
| Extent | xiv, 524 p. : |
| Other physical details | ill. ; |
| Dimensions | 25 cm. |
| 500 ## - GENERAL NOTE | |
| General note | "This book contains the papers that were presented at the XIIIth International Symposium on Hearing (ISH), which was held in Dourdan, France, between August 24 and 29, 2003"--Foreword. |
| 650 #0 - SUBJECT ADDED ENTRY--TOPICAL TERM | |
| Topical term or geographic name entry element | Auditory pathways |
| 650 #0 - SUBJECT ADDED ENTRY--TOPICAL TERM | |
| Topical term or geographic name entry element | Auditory perception |
| 650 #0 - SUBJECT ADDED ENTRY--TOPICAL TERM | |
| Topical term or geographic name entry element | Signal processing |
| 700 1# - ADDED ENTRY--PERSONAL NAME | |
| Personal name | Pressnitzer, Daniel. |
| 942 ## - ADDED ENTRY ELEMENTS (KOHA) | |
| Koha item type | Book |
| Call number prefix | 621.3822 PRE |
| Source of classification or shelving scheme | |
| Withdrawn status | Lost status | Damaged status | Not for loan | Collection code | Permanent Location | Current Location | Shelving location | Date acquired | Source of acquisition | Cost, normal purchase price | Total Checkouts | Full call number | Barcode | Date last seen | Price effective from | Koha item type |
|---|---|---|---|---|---|---|---|---|---|---|---|---|---|---|---|---|
| Central Library (CL) | Central Library (CL) | General Stacks | 05/07/2007 | A & J Def Tek Concultants | 12882.80 | 621.3822 PRE | SEECS008467 | 11/14/2012 | 01/05/2017 | Book |
